Cerpen karya Puspaleelavathy (Paavai) : satu kajian tema /
Saved in:
| Main Author: | |
|---|---|
| Format: | Thesis Book |
| Language: | Malay |
| Published: |
2007.
|
| Subjects: | |
| Tags: |
Add Tag
No Tags, Be the first to tag this record!
|
| LEADER | 00901cam a2200241 a 4500 | ||
|---|---|---|---|
| 001 | u749206 | ||
| 003 | SIRSI | ||
| 005 | 200712061554 | ||
| 008 | 071206s2007 my a t 000 0 may | ||
| 040 | |a UMM | ||
| 090 | |a DS404 |b UM 2007 Bal | ||
| 100 | 0 | |a Balu Subramaniam. | |
| 245 | 1 | 0 | |a Cerpen karya Puspaleelavathy (Paavai) : |b satu kajian tema / |c Balu a/l Subramaniam. |
| 260 | |c 2007. | ||
| 300 | |a vii, 201 leaves : |b ill. ; |c 30 cm. | ||
| 502 | |a Dissertation (M.A.) -- Jabatan Pengajian India, Fakulti Sastera dan Sains Sosial, Universiti Malaya, 2007. | ||
| 504 | |a Bibliography: leaves 165-170. | ||
| 600 | 0 | 0 | |a Paavai. |
| 650 | 0 | |a Tamil literature |z Malaysia |x History and criticism. | |
| 710 | 2 | |a Universiti Malaya. |b Jabatan Pengajian India. | |
| 900 | |a SK | ||
| 596 | |a 1 | ||
| 999 | |a DS404 UM 2007 BAL |w LC |c 1 |i A513155374 |d 10/7/2017 |e 10/7/2017 |f 18/12/2007 |g 1 |l STACKS |m P01UTAMA |n 21 |r Y |s Y |t TESIS |u 18/12/2007 | ||
